000
00313nam a22001457a 4500
008
210512b ||||| |||| 00| 0 eng d
020
_a
072161258
041
_a
eng
080
_2
13th
_a
617
082
_a
617
100
_a
5
101
_a
KIR
245
_a
Textbook of Surgery
_c
Sabiston,D.C
942
_2
udc
_c
BK
999
_c
57286
_d
57286